cities in lebanon-sudden death- - Statistics

General Stats
  • This quiz has been taken 60 times
  • The average score is 9 of 13
Answers on the Grid
Answers color-coded by a green-red scale on the quiz's grid according to % correct below.
Perth
sofia
Kfardebian
Jerusalem
Kfarsghab
Cornet Chehwan
Nahr El Kalb
Bogota
achrafieh
Amman
Muscat
Riyadh
Damascus
arar
sakaka
jounieh
Beyrouth
Cairo
Ajaltoun
tunis
Fanar
chefchaouen
chouf
mazraat altouffah
mazraat yachoua
colombo
Casablanca
Doha
manama
mogadishu
sour
 
Answer Stats
Answer % Correct
Beyrouth
81%
jounieh
81%
Kfardebian
77%
Nahr El Kalb
77%
achrafieh
70%
Cornet Chehwan
67%
Ajaltoun
63%
Kfarsghab
63%
sour
63%
chouf
60%
Fanar
58%
mazraat altouffah
58%
mazraat yachoua
53%
No matching quizzes found
Score Distribution
Percent of People with Each Score
Percentile by Number Answered
Your Score History
You have not taken this quiz